| 000 | 00325nam a2200109 a 4500 | ||
|---|---|---|---|
| 005 | 20200930070620.0 | ||
| 008 | 110914s2006 000 spa d | ||
| 020 | _a9789737784100 | ||
| 245 | 0 | _aSaint Gerard of cenad or the destiny of a Venetian around the year one thousand. | |
| 260 |
_aCluj-Napoca, _c2006. |
||
| 999 |
_c33397 _d33397 |
||
| 040 | _aDO-SdBNP | ||